000
00277nam a22000977a 4500
008
240507b |||||||| |||| 00| 0 eng d
020
_a
9788178555584
100
_a
Aggarwal V P
_9
700
245
_a
Laboratory Manual Biology-XI
260
_a
New Delhi
_b
Avichal Publishing Company
_c
2024
999
_c
12587
_d
12587